000 00549nam a2200193 a 4500
001 000042898
005 20201002040501.0
008 140212s1978 sp 000 0 spa d
020 _a843351718X
040 _aDO-SdBNP
_bspa
_cBNPHU
082 _axxxxxx
_bxxxxxx
100 1 _aHeers, Jacques
_970346
245 1 3 _aEl Clan Familiar en la Edad Media /
_cJaques Heers.
260 _aEspaña, :
_bLabor universitaria,
_c1978.
300 _a299 p. ;
_c22 cm.
490 1 _aManuales
504 _aBibliografías : p. 294-295
830 0 _aManuales
_935652
999 _c42387
_d42387